Eko-inovácie a eko-inovačná výkonnosť krajín V4

Vymedzenie pojmov eko-inovácie a eko-inovačná výkonnosť. Klasifikácia eko-inovácií. Analýza a zhodnotenie eko-inovačnej výkonnosti krajín V4 za roky 2010 až 2017.

Saved in:
Bibliographic Details
Main Author: Ďurčeková, Ina
Other Authors: Mlynárová, Denisa, Orviská, Marta, Pisár, Peter
Format: Book Chapter
Language:Slovak
Subjects:
Tags: Add Tag
No Tags, Be the first to tag this record!

MARC

LEADER 00000naa a2200000 4500
001 0252939
005 20221104110159.6
041 0 |a slo 
044 |a SK 
245 1 0 |a Eko-inovácie a eko-inovačná výkonnosť krajín V4  |c Ina Ďurčeková, Denisa Mlynárová, Marta Orviská, Peter Pisár 
520 |a Vymedzenie pojmov eko-inovácie a eko-inovačná výkonnosť. Klasifikácia eko-inovácií. Analýza a zhodnotenie eko-inovačnej výkonnosti krajín V4 za roky 2010 až 2017. 
610 2 0 |a výkonnosť inovačná 
610 2 0 |a výkonnosť ekonomiky 
610 2 0 |a Vyšehradská štvorka 
610 2 0 |a ochrana prostredia životného 
610 2 0 |a rozvoj trvalo udržateľný 
100 1 |a Ďurčeková, Ina 
700 1 |a Mlynárová, Denisa 
700 1 |a Orviská, Marta 
700 1 |a Pisár, Peter